Schlagader einer Nation

Titel: Schlagader einer Nation : das Eisenbahnwesen der UdSSR / Joachim Petersen
Verfasser:
Veröffentlicht: Augsburg : Rösler und Zimmer, [1974 ?]
Umfang: 112, [20] S. : zahlr. Ill., graph. Darst.; ; 21 x 22 cm + Kt.-Beil. (1 Bl.)
Format: Buch
Sprache: Deutsch
Schlagworte:
ISBN: 3879871329
Buchumschlag
X
alg: 7501627
001A    $06000:29-06-99 
001B    $01999:10-06-17 $t11:43:43.000 
001C    $03004:31-05-17 $t16:22:02.000 
001D    $09999:99-99-99 
001U    $0utf8 
001X    $00 
002@    $0Aaxaf 
003@    $0075016273 
003O    $04885299 $aOCoLC 
004A    $03-87987-132-9 $fPp. : DM 19.80 
006G    $0740217852 
006U    $074,A19,0936 
007A    $0740217852 $aDNB 
007G    $0DE02058F1FBDCE0074D37C125813A004F5AB2 
009P    $qapplication/pdf $A2 $3Inhaltsverzeichnis $uhttp://scans.hebis.de/HEBCGI/show.pl?07501627_toc.pdf $mV:DE-603;B:DE-Mb50 
010@    $ager 
011@    $a1974 $n[1974 ?] 
015@    $00 
021A    $aSchlagader einer Nation $ddas Eisenbahnwesen der UdSSR $hJoachim Petersen 
028A    $#Petersen, Joachimus $7 $8Petersen, Joachim [Tnd] $913832722X 
033A    $pAugsburg $nRösler und Zimmer 
034D    $a112, [20] S. 
034I    $a21 x 22 cm 
034K    $aKt.-Beil. (1 Bl.) 
034M    $azahlr. Ill., graph. Darst.; 
044F    $aEisenbahn 
044F    $bSowjetunion 
044K    $#Sowjetunion $#UdSSR $#Советский Союз $#UdSSR $#SSSR $#Republik-Republik Kesatuan Soviet Sosialis $#Sojuz Sovetskich Socialističeskich Respublik $#Union der Sozialistischen Sowjet-Republiken $#Union der SSR $#Union of Soviet Socialist Republics $#USSR $#Union des Républiques Socialistes Soviétiques $#URSS $#Russland 1923-1991 $#Russia 1923-1991 $#Padomju Sociālistiko Republiku Savienība $#PSRS $#SSṘM $#ZSSR $#TSRS $#Savez Sovjetskih Socijalističkih Republika $#Soviet Union $#SSHM $#Sojuz Radjans'kich Sozialističnich Respublik $#SRSR $#Şyra Sosjalist Cumhyrijjẹtlẹri Ittifakĭ $#Šura Socialist Gümhurietleri Ittipaky $#Šura Sosyalist Ǧümhuriyetleri Ittifaqï $#SSCB $#Союз Советских Социалистических Республик $#СССР $74077548-3 $8Sowjetunion [Tgz] $9085219754 
044K    $RSchienenbahn $#Railroads $#Chemins de fer $#railways $#Eisenbahn $#Eisenbahnwesen $#Eisenbahnen $74014015-5 $8Eisenbahn [Ts1] $9085031070 
044K    $#Traffic flow $#Circulation $#Verkehr $#Verkehr $#Verkehrswesen $#Verkehrswesen $74062901-6 $8Verkehr [Ts1] $9085175870 
044K    $RVerkehrsbau $#Railroad stations $#Gares $#Estaciones de ferrocarril $#Bahnhof $#Bahnhöfe $#Bahnhofsgebäude $#Bahnhofsbau $74129465-8 $8Bahnhof [Ts1] $9085453757 
045E    $b21a 

lok: 7501627 24

exp: 7501627 24 1 #EPN
201B/01 $001-06-17 $t08:46:06.000 
201C/01 $031-05-17 
201U/01 $0utf8 
203@/01 $01000093387 
208@/01 $a01-06-17 $bz 
209A/01 $a17.02671 $du $f050 $h17 02671 $x00 
209C/01 $a17.02671 G $h17 02671 G 
209G/01 $a73742641 $x00 
220C/01 $ahae 
247C/01 $8358050-7 Marburg, Bibliothek des Herder-Instituts Marburg $9102600961 

lok: 7501627 204

exp: 7501627 204 1 #EPN
201B/01 $025-10-11 $t14:49:50.000 
201C/01 $025-10-11 
201U/01 $0utf8 
203@/01 $0631715878 
208@/01 $a25-10-11 $brZKAW 
209A/01 $a064 W R 74/1260 $du $f000 $x00 
220B/01 $aRetro 064567 
245S/01 $a10200 $x01 
247C/01 $8631000-x <26>Gießen, Universität Gießen, Universitätsbibliothek Gießen $9102596697
LEADER 00000cam a22000002c 4500
001 075016273
003 DE-603
005 20170610114343.0
007 tu
008 990629s1974 xx |||| | u00||u|ger
015 |a 74,A19,0936  |2 dnb 
016 7 |2 DE-101  |a 740217852 
020 |a 3879871329  |c Pp. : DM 19.80 
035 |a (DE-599)DNB740217852 
035 |a (OCoLC)4885299 
040 |a DE-603  |b ger  |c DE-603  |d DE-603 
041 |a ger 
084 |a 21a  |q DE-101  |2 sdnb 
100 1 |a Petersen, Joachim  |0 (DE-603)13832722X 
245 0 0 |a Schlagader einer Nation  |b das Eisenbahnwesen der UdSSR  |c Joachim Petersen 
264 1 |a Augsburg  |b Rösler und Zimmer  |c [1974 ?] 
300 |a 112, [20] S.  |b zahlr. Ill., graph. Darst.;  |c 21 x 22 cm  |e Kt.-Beil. (1 Bl.) 
650 7 |a Eisenbahn  |0 (DE-588)4014015-5  |0 (DE-603)085031070  |2 gnd 
650 7 |a Verkehr  |0 (DE-588)4062901-6  |0 (DE-603)085175870  |2 gnd 
650 7 |a Bahnhof  |0 (DE-588)4129465-8  |0 (DE-603)085453757  |2 gnd 
650 7 |a Eisenbahn  |2 local 
651 7 |a Sowjetunion  |0 (DE-588)4077548-3  |0 (DE-603)085219754  |2 gnd 
651 7 |a Sowjetunion  |2 local 
856 4 2 |m V:DE-603;B:DE-Mb50  |q application/pdf  |u http://scans.hebis.de/HEBCGI/show.pl?07501627_toc.pdf  |3 Inhaltsverzeichnis 
924 0 |9 Mb 50  |a (DE-603)1000093387  |b DE-Mb50  |c HES  |d c  |g 17.02671 
924 0 |9 26  |a (DE-603)631715878  |b DE-26  |c HES  |d c  |g 064 W R 74/1260